Movies Quiz

Random Movies or Actress Quiz

'M' Movie Characters II Quiz Stats

 Plays Quiz Updated Jun 26, 2016

Support Sporcle.
Go Orange.
Score 0/20 Timer 05:00
0 Plays Today
picture name % Correct
Mary (There's Something About Mary)
88.5%
Merlin (The Sword in the Stone)
80.6%
Margaret Thatcher (The Iron Lady)
79%
Maleficent (Sleeping Beauty)
75%
Maria (The Sound of Music)
70.3%
Michael Myers (Halloween)
69.6%
Marley (Marley & Me)
69.6%
Muhammad Ali (Ali)
67.3%
Mark Zuckerberg (The Social Network)
64.1%
Meriadoc 'Merry' Brandybuck (LOTR)
56.9%
picture name % Correct
Mystique (X-Men)
56.4%
Mushu (Mulan)
49.1%
Machete (Machete)
44.9%
Manny (Ice Age)
42.2%
Mickey Goldmill (Rocky)
37.5%
Martin Riggs (Lethal Weapon)
36.6%
Marie (The Aristocats)
31.2%
Maggie Fitzgerald (Million Dollar Baby)
26.7%
Marion Crane (Psycho)
26.1%
Margo (Despicable Me)
23.2%

You're not logged in!

Compare scores with friends on all Sporcle quizzes.
OR
Log In
Forgot?

From the Vault

Names That Sound Familiar

by LTH

Didn't we hear about this before?
Remove Ads.
Support Sporcle.
Get the best of Sporcle when you Go Orange. This ad-free experience offers more features, more stats, and more fun while also helping to support Sporcle. Thank you for becoming a member.

Show Comments

Extras

Top Quizzes Today


Score Distribution

Your Account Isn't Verified!

In order to create a playlist on Sporcle, you need to verify the email address you used during registration. Go to your Sporcle Settings to finish the process.

Report this User

Report this user for behavior that violates our Community Guidelines.

Details: